00296nam a2200121Ia 4500008004100000041000900041082001500050100002900065245002400094260003900118300000900157650000800166230718s9999 xx 000 0 und d aEng. a340bDHE-P aDhehangal Ch,Iqbal Ahmed 0aPakitan law journal aPakistanbAll Pakistan legalc2009 a1200 aLaw